[Event "Mittelfranken-chTB2a 1516"]
[Site "Mittelfranken"]
[Date "2016.02.28"]
[Round "7.3"]
[White "Dyroff, Roland"]
[Black "Mueller, Maximilian"]
[Result "1-0"]
[WhiteElo "1823"]
[BlackElo "1833"]
[PlyCount "35"]
[EventDate "2015.10.18"]
[EventType "team-tourn"]
[EventRounds "9"]
[EventCountry "GER"]
[SourceTitle "EXT 2020"]
[Source "ChessBase"]
[SourceDate "2019.10.17"]
[SourceVersion "1"]
[SourceVersionDate "2019.10.17"]
[SourceQuality "1"]
[WhiteTeam "Nuernberg Sued SW IV"]
[BlackTeam "Buechenbach/Roth II"]
[WhiteTeamCountry "GER"]
[BlackTeamCountry "GER"]

1. e4 e5 2. Nf3 Nc6 3. d4 exd4 4. Bc4 Bb4+ 5. c3 dxc3 6. 0-0 Nf6 7. bxc3 Be7 8. e5 Ng4 9. Qd5 0-0 10. h3 Nh6 11. Bd3 d6 12. Bxh6 gxh6 13. Qe4 f5 14. exf6 Rxf6 15. Qxh7+ Kf8 16. Bg6 Be6 17. Qh8+ Bg8 18. Qxh6# 1-0

[Event "Mittelfranken-chTB1 1415"]
[Site "Mittelfranken"]
[Date "2015.02.08"]
[Round "6.8"]
[White "Eichstaedt, Timm"]
[Black "Dyroff, Roland"]
[Result "1-0"]
[WhiteElo "1954"]
[BlackElo "1823"]
[PlyCount "72"]
[EventDate "2014.09.29"]
[EventType "team-tourn"]
[EventRounds "9"]
[EventCountry "GER"]
[SourceTitle "EXT 2020"]
[Source "ChessBase"]
[SourceDate "2019.10.17"]
[SourceVersion "1"]
[SourceVersionDate "2019.10.17"]
[SourceQuality "1"]
[WhiteTeam "Herzogenaurach"]
[BlackTeam "Nuernberg Sued SW III"]
[WhiteTeamCountry "GER"]
[BlackTeamCountry "GER"]

1. Nf3 d5 2. c4 c6 3. d4 Nf6 4. Nc3 dxc4 5. a4 Bf5 6. e3 Na6 7. Bxc4 Nb4 8. e4 Nxe4 9. Qb3 e6 10. 0-0 Nf6 11. Qd1 Bd6 12. Bg5 h6 13. Bh4 g5 14. Bg3 Bxg3 15. hxg3 Qb8 16. a5 Qc7 17. Qd2 Rd8 18. Na4 Nfd5 19. Nc5 0-0 20. Rfc1 Qe7 21. a6 b6 22. Nb7 Rd7 23. Ne5 Rc7 24. Bxd5 exd5 25. Ra4 f6 26. Nf3 Nxa6 27. Rxa6 Rxb7 28. Rxc6 Bd7 29. Rc1 Bb5 30. Ra3 Qd7 31. Qc2 Rf7 32. Qg6+ Kh8 33. Qxh6+ Kg8 34. Re3 Rb8 35. Rce1 Qf5 36. Re7 Rb7 1-0